000 00806nam a2200217Ia 4500
003 CO-CtgCURN
005 20250408215652.0
008 190723s9999 xx 000 0 und d
020 _a9586902765
040 _aCO-CtgCURN
_bspa
_ccoctgcurn
082 _a345
_bV645d
100 _aVictoria Ochoa, Diego Fernando
245 0 _aDelitos contra las personas y bienes protegidos por el Derecho Internacional Humanitario :
_bconforme con el nuevo codigo penal /
_cDiego Fernando Victoria Ochoa
260 _aBogotá, Colombia :
_bLeyer,
_c2001
300 _a217 páginas ;
_c23 centímetros
521 _aAREA PROFESIONAL
590 _aPrograma de Derecho_18
650 _aDerecho penal
942 _cBK
_h345
_iV645d
_2ddc
_n0
999 _c28764
_d28764